<?xml version="1.0" encoding="UTF-8"?><?xml-stylesheet type="text/xsl" href="static/style.xsl"?><OAI-PMH xmlns="http://www.openarchives.org/OAI/2.0/" xmlns:xsi="http://www.w3.org/2001/XMLSchema-instance" xsi:schemaLocation="http://www.openarchives.org/OAI/2.0/ http://www.openarchives.org/OAI/2.0/OAI-PMH.xsd"><responseDate>2026-06-04T06:31:04Z</responseDate><request verb="GetRecord" identifier="oai:recam.amb.cat:20.500.14439/1610" metadataPrefix="marc">https://recam.amb.cat/rest/oai/request</request><GetRecord><record><header><identifier>oai:recam.amb.cat:20.500.14439/1610</identifier><datestamp>2025-01-22T11:25:17Z</datestamp><setSpec>com_20.500.14439_2671</setSpec><setSpec>com_20.500.14439_124</setSpec><setSpec>col_20.500.14439_4209</setSpec></header><metadata><record xmlns="http://www.loc.gov/MARC21/slim" xmlns:dcterms="http://purl.org/dc/terms/" xmlns:xsi="http://www.w3.org/2001/XMLSchema-instance" xmlns:doc="http://www.lyncode.com/xoai" xsi:schemaLocation="http://www.loc.gov/MARC21/slim http://www.loc.gov/standards/marcxml/schema/MARC21slim.xsd">
   <leader>00925njm 22002777a 4500</leader>
   <datafield ind2=" " ind1=" " tag="042">
      <subfield code="a">dc</subfield>
   </datafield>
   <datafield ind2=" " ind1=" " tag="720">
      <subfield code="a">Àrea Metropolitana de Barcelona</subfield>
      <subfield code="e">author</subfield>
   </datafield>
   <datafield ind2=" " ind1=" " tag="260">
      <subfield code="c">2020-10-01</subfield>
   </datafield>
   <datafield ind2=" " ind1=" " tag="520">
      <subfield code="a">L'economia circular està cridada a esdevenir una alternativa sòlida als models de producció lineals. És l'aposta de les principals institucions internacionals, nacionals i regionals de tot tipus, que ja han preparat plans d'actuació i han situat com una prioritat a l'agenda l'objectiu d'avançar cap a una economia circular. Aquesta fermesa i consens intencional se sustenten en uns arguments diàfans i demolidors: l'esgotament dels recursos naturals, la contaminació a diverses escales (que amenaça seriosament la salut pública, especialment la de les àrees metropolitanes) i els efectes devastadors que es preveuen a causa del prominent canvi climàtic, que ja s'experimenta arreu del planeta. En conseqüència, a través de l'adopció de mesures per avançar cap a un model econòmic circular, les institucions estan prenent posicions per tal de combatre un conjunt d'amenaces ben presents, que s'han generat principalment a causa d'un model econòmic i de producció basat en plantejaments i lògiques que ja no ens podem permetre: el creixement il·limitat fonamentat en l'esgotament dels recursos naturals.</subfield>
   </datafield>
   <datafield ind1="8" ind2=" " tag="024">
      <subfield code="a">https://hdl.handle.net/20.500.14439/1610</subfield>
   </datafield>
   <datafield ind1="8" ind2=" " tag="024">
      <subfield code="a">10355571</subfield>
   </datafield>
   <datafield tag="653" ind2=" " ind1=" ">
      <subfield code="a">Economia circular</subfield>
   </datafield>
   <datafield ind2="0" ind1="0" tag="245">
      <subfield code="a">Economia circular. L'ecodisseny</subfield>
   </datafield>
</record></metadata></record></GetRecord></OAI-PMH>